Países limítrofes - ¡Muerte súbita! - Estadísticas

Estadísticas generales
  • Esta prueba ha sido intentada 237 veces
    196 desde el último reinicio
  • La puntuación promedio es 10 de 37
Answers on the Grid
Answers color-coded by a green-red scale on the quiz's grid according to % correct below.
Mauritania
Chipre
Níger
Chad
Suiza
Senegal
Canadá
Australia
Lesoto
Portugal
Corea del Sur
Cuba
Sierra Leona
Serbia
Macedonia del Norte
Paraguay
Afganistán
Kuwait
Malasia
Argelia
Pakistán
China
Nepal
Antigua y Barbuda
España
Ciudad del Vaticano
Yemen
Gabón
Argentina
Malta
Haiti
Gambia
Seychelles
Sudán del Sur
Tuvalu
República Dominicana
Uzbekistán
Ruanda
Uganda
Líbano
Moldavia
Perú
Reino Unido
Burkina Faso
Emiratos Árabes Unidos
Namibia
Costa Rica
Barbados
Hungría
Austria
Botsuana
Zimbabue
Vietnam
San Marino
República Checa
India
Nueva Zelanda
Islas Marshall
Francia
Eslovaquia
Surinam
México
Bielorrusia
Turquía
Suazilandia
Somalia
Georgia
Rusia
Polonia
Letonia
Albania
Bélgica
Noruega
Andorra
Guinea
Belice
Irlanda
Sri Lanka
Papúa Nueva Guinea
Zambia
Guatemala
Ecuador
Timor Oriental
Liechtenstein
Cambodia
El Salvador
Islandia
Indonesia
Italia
Laos
Suecia
Luxemburgo
Egipto
Eritrea
Catar
Túnez
Israel
Jordania
Irak
Alemania
 
Estadísticas de respuestas
Respuesta % Correcto
China
64%
Nepal
62%
Chad
55%
Rusia
52%
Níger
50%
Macedonia del Norte
43%
Serbia
43%
Mauritania
40%
Polonia
40%
Uganda
40%
Austria
38%
Georgia
38%
Jordania
38%
Ruanda
38%
Hungría
36%
Pakistán
36%
Israel
33%
Senegal
33%
Afganistán
21%
Botsuana
21%
Zimbabue
19%
Haiti
17%
Irak
17%
República Dominicana
17%
Eslovaquia
12%
Bielorrusia
10%
República Checa
10%
Sudán del Sur
10%
Cambodia
5%
Indonesia
5%
Noruega
5%
El Salvador
2%
Guatemala
2%
Laos
2%
Namibia
2%
Timor Oriental
2%
Belice
0%
No se encontraron pruebas coincidentes
Distribución de puntuación
Porcentaje de gente con cada puntuación
Porcentaje por número respondido
Historial de tus puntuaciones
No has intentado esta prueba desde el último reinicio